Southville International School and Colleges
Your cart is empty.
  • Cart
  • Lists
    Public lists Eva Luna New books Lux_list list_1
    Your lists Log in to create your own lists
  • Log in to your account
  • Your cookies
  • Search history
Southville International School and Colleges
  • Advanced search
  • Recent comments
  • Most popular
  • Libraries

Log in to your account

Log in with GOOGLE


If you do not have an external account, but do have a local account, you can still log in:

  1. Home
  2. MARC view: I know that /
Normal view MARC view ISBD view

I know that / (Record no. 104850)

[ view plain ]
MARC details
000 -LEADER
fixed length control field 00654nam a2200193 a 4500
005 - DATE AND TIME OF LATEST TRANSACTION
control field 20140412111329.0
008 - FIXED-LENGTH DATA ELEMENTS--GENERAL INFORMATION
fixed length control field 030212s19uu xx 00 eng d
020 ## - INTERNATIONAL STANDARD BOOK NUMBER
International Standard Book Number 0-383-03633-X
050 ## - LIBRARY OF CONGRESS CALL NUMBER
Classification number BB
Item number Ik2 1994
100 ## - MAIN ENTRY--PERSONAL NAME
Personal name Loves, June
245 ## - TITLE STATEMENT
Title I know that /
Statement of responsibility, etc written by June Loves ; illustrated by Craig Smith.
260 ## - PUBLICATION, DISTRIBUTION, ETC. (IMPRINT)
Place of publication, distribution, etc Singapore :
Name of publisher, distributor, etc SRA Macmillan/McGraw-Hill,
Date of publication, distribution, etc 1994.
300 ## - PHYSICAL DESCRIPTION
Extent 16 p. ; ill.
440 ## - SERIES STATEMENT/ADDED ENTRY--TITLE
Title Voyages
520 ## - SUMMARY, ETC.
Summary, etc A smartypants girl, who thinks she know everything about the dangerous animals she meets, comes to an untimely end.
650 ## - SUBJECT ADDED ENTRY--TOPICAL TERM
Topical term or geographic name as entry element Animals--Fiction
650 ## - SUBJECT ADDED ENTRY--TOPICAL TERM
Topical term or geographic name as entry element Pride and vanity--Fiction
Holdings
Withdrawn status Lost status Damaged status Use restrictions Home library Current library Shelving location Date acquired Source of acquisition Cost, normal purchase price Total Checkouts Full call number Barcode Date last seen Price effective from Koha item type
        Elizalde Library Elizalde Library Big Books Section 02/12/2003   400.00   BB Ik2 1994 E8836 04/12/2014 04/12/2014 Books

I know that /

APA

Loves J., . (1994). I know that. Singapore: SRA Macmillan/McGraw-Hill.

Chicago

Loves June, . 1994. I know that. Singapore: SRA Macmillan/McGraw-Hill.

Harvard

Loves J., . (1994). I know that. Singapore: SRA Macmillan/McGraw-Hill.

MLA

Loves June, . I know that. Singapore: SRA Macmillan/McGraw-Hill. 1994.

  • Place hold
  • Print
  • Cite
  • Add to your cart (remove)
  • Save record
    BIBTEX Dublin Core MARCXML MARC (non-Unicode/MARC-8) MARC (Unicode/UTF-8) MARC (Unicode/UTF-8, Standard) MODS (XML) RIS
  • More searches
    Search for this title in:
    Other Libraries (WorldCat) Other Databases (Google Scholar) Online Stores (Bookfinder.com) Open Library (openlibrary.org)

Exporting to Dublin Core...

SOUTHVILLE LIBRARY

Southville International School and Colleges Library

1281 Tropical Ave. Cor. Luxembourg St., BF Homes International, Las Pinas City

Tel. No. 8256374 / 252358 Loc. 117/146

Powered by Koha